Solitary Waves in Two-Component Resonantly Absorbing Media; Mathematical Models of Non-Linear Excitations, Transfer, Dynamics, and Control in Condensed Systems and Other Media; Part I

Dades bibliogràfiques
Parent link:Mathematical Models of Non-Linear Excitations, Transfer, Dynamics, and Control in Condensed Systems and Other Media: Scientific Journal
Part I.— 1999.— [P. 85-92]
Autor principal: Kistenev Yu. V.
Altres autors: Shapovalov A. V. Aleksandr Vasilyevich
Sumari:Title screen
Loss-free pulse propagation through a resonantly absorbing medium is one of the exiting phenomena of nonlinear optics. Solitons and solitary waves (SWs) are two kinds of optical pulses with the above property. Particle-like behavior is inherent to solitons which keep the shape of wave stable after collisions. This is similar to the elastic colliding of particles
Режим доступа: по договору с организацией-держателем ресурса
Idioma:anglès
Publicat: 1999
Matèries:
Accés en línia:http://link.springer.com/chapter/10.1007/978-1-4615-4799-0_6
Format: Electrònic Capítol de llibre
KOHA link:https://koha.lib.tpu.ru/cgi-bin/koha/opac-detail.pl?biblionumber=636569

MARC

LEADER 00000nla0a2200000 4500
001 636569
005 20250331094525.0
035 |a (RuTPU)RU\TPU\network\599 
035 |a RU\TPU\network\591 
090 |a 636569 
100 |a 20140217d1999 k||y0rusy50 ba 
101 0 |a eng 
102 |a US 
135 |a drnn ---uucaa 
181 0 |a i  
182 0 |a b 
200 1 |a Solitary Waves in Two-Component Resonantly Absorbing Media  |f Yu. V. Kistenev, A. V. Shapovalov 
203 |a Text  |c electronic 
300 |a Title screen 
320 |a [References: p. 92 (16 tit.)] 
330 |a Loss-free pulse propagation through a resonantly absorbing medium is one of the exiting phenomena of nonlinear optics. Solitons and solitary waves (SWs) are two kinds of optical pulses with the above property. Particle-like behavior is inherent to solitons which keep the shape of wave stable after collisions. This is similar to the elastic colliding of particles 
333 |a Режим доступа: по договору с организацией-держателем ресурса 
461 |t Mathematical Models of Non-Linear Excitations, Transfer, Dynamics, and Control in Condensed Systems and Other Media  |o Scientific Journal 
463 |t Part I  |v [P. 85-92]  |d 1999 
610 1 |a электронный ресурс 
610 1 |a труды учёных ТПУ 
700 1 |a Kistenev  |b Yu. V. 
701 1 |a Shapovalov  |b A. V.  |c mathematician  |c Professor of Tomsk Polytechnic University, Doctor of physical and mathematical sciences  |f 1949-  |g Aleksandr Vasilyevich  |3 (RuTPU)RU\TPU\pers\31734 
801 2 |a RU  |b 63413507  |c 20180306  |g RCR 
856 4 |u http://link.springer.com/chapter/10.1007/978-1-4615-4799-0_6 
942 |c CF